Odstupné a odchodné u zamestnávateľa

Zákonný nárok na odstupné a odchodné vzniká podľa Zákonníka práce len zamestnancovi pracujúcemu na základe pracovnej zmluvy a nie na základe niektorej z dohôd o prácach vykonávaných popri pracovnom pomere. Zákonník práce ustanovuje možnosť poskytnutia odstupného a aj odchodného, samozrejme za predpo...

Ausführliche Beschreibung

Gespeichert in:
Bibliographische Detailangaben
1. Verfasser: Mintál, Ján
Format: Buchkapitel
Sprache:Slowakisch
Schlagworte:
Tags: Tag hinzufügen
Keine Tags, Fügen Sie das erste Tag hinzu!

MARC

LEADER 00000naa a2200000 4500
001 0315241
005 20260303130836.0
041 0 |a slo 
044 |a SK 
245 1 0 |a Odstupné a odchodné u zamestnávateľa  |c Ján Mintál 
520 |a Zákonný nárok na odstupné a odchodné vzniká podľa Zákonníka práce len zamestnancovi pracujúcemu na základe pracovnej zmluvy a nie na základe niektorej z dohôd o prácach vykonávaných popri pracovnom pomere. Zákonník práce ustanovuje možnosť poskytnutia odstupného a aj odchodného, samozrejme za predpokladu splnenia presne ustanovených podmienok. Poskytnutie jedného nároku však nevylučuje poskytnutie druhého, nakoľko sa poskytujú z principiálne rozdielnych dôvodov. 
610 2 0 |a odstupné 
610 2 0 |a zamestnanci 
610 2 0 |a pomer pracovný 
610 2 0 |a právo pracovné 
610 2 0 |a zákonník práce 
100 1 |a Mintál, Ján